Húgyúti patogének antibiotikum érzékenysége, a laboratóriumi diagnosztika lehetőségei

Elmentve itt :
Bibliográfiai részletek
Szerző: Nagy Erzsébet
Dokumentumtípus: Könyv része
Megjelent: 2001
Sorozat:Tiszaparti esték 2
Tiszaparti esték : gyermekgyógyászati továbbképző előadások 2000-2001 2
Kulcsszavak:Húgyúti fertőzés, Húgyúti betegségek
Tárgyszavak:
Online Access:http://acta.bibl.u-szeged.hu/18717
LEADER 00846naa a2200217 i 4500
001 acta18717
005 20220307133240.0
008 161015s2001 hu o 0|| hun d
022 |a 1588-3515 
040 |a SZTE Egyetemi Kiadványok Repozitórium  |b hun 
041 |a hun 
100 1 |a Nagy Erzsébet 
245 1 0 |a Húgyúti patogének antibiotikum érzékenysége, a laboratóriumi diagnosztika lehetőségei  |h [elektronikus dokumentum] /  |c  Nagy Erzsébet 
260 |c 2001 
300 |a 33-37 
490 0 |a Tiszaparti esték  |v 2 
490 0 |a Tiszaparti esték : gyermekgyógyászati továbbképző előadások 2000-2001  |v 2 
650 4 |a Orvos- és egészségtudomány 
650 4 |a Klinikai orvostan 
695 |a Húgyúti fertőzés, Húgyúti betegségek 
856 4 0 |u http://acta.bibl.u-szeged.hu/18717/1/tiszaparti_2000_033-037.pdf  |z Dokumentum-elérés